000 01767noc a2200385Ii 4500
001 1260107686
003 PE-LiUPU
005 20250731173556.0
008 210712s2020 xxu bneng d
020 _a9781878951441
040 _aPE-LiUPU
_bspa
_cPE-LiUPU
_erda
082 _223
_a234.25
_bM521t
100 _aMelgosa, Julián
_eautor
_9937
245 0 0 _aThe power of hope :
_hovercoming depression, anxiety, guilt, and stress /
_cJulián Melgosa y Michelson Borges
264 1 _a[Hagerstown, Maryland] :
_bReview and Herald Publishing Association,
_c2017.
300 _a111 páginas :
_c18 centímetros.
505 _aHealth is all in your head -- Anxiety: excess past -- Stress: excesss present -- Psychic traumas -- Ensalved to addictions -- Sense of guilt -- A monster within us -- Tips from the creator -- The power of hope.
526 _aSEG42
526 _aSEG41
526 _aSEG40
526 _aSEG39
526 _aP94
526 _aP87
526 _aP86
526 _aP85
526 _aP77
526 _aP76
526 _aP35
590 _aThree of the books (Cancer: Practical Guide, Powerful Plate, and Power of Hope) are shelved by call number. Where appropriate, they have been given a copy number beyond the existing copy numbers. Happiness for Life and the other items are in a pamphlet file.
590 _aMore complete bibliographic records for the books can be found at: Cancer: Practical Guide - oclc #1236228037; Powerful Plate - b47793168; Power of Hope - b42931915; Happiness for Life - b18846117.
650 0 _aEsperanza
_9936
700 _aBorges, Michelson
_eautor
_9938
942 _2ddc
_cBK
_n0
999 _c61705
_d61705
980 _618226
_aJaime Vilcazán Jefe de Análisis Documental
_81
_gALBERTO SANCHEZ Responsable de Automatización